Responses for Show #2175 - Friday, February 4, 1994

Tom Nichols game 5-A.

Contestants

[<< previous game]

Bob Tzudiker, a writer originally from Boston, Massachusetts

Phil Oakley, an actor from Van Nuys, California

Tom Nichols, a professor originally from Chicopee, Massachusetts (whose 4-day cash winnings total $45,690)

[next game >>]

Jeopardy! Round responses

BIOLOGY
MADE BY RONCO
HOLIDAYS & OBSERVANCES
MUSIC
3-LETTER WORDS
POTPOURRI
    $100 2
(Bob: What are canidae?)

rodents

Bob
Triple Stumper
    $100 4
records

Bob
    $100 9
July 5

Phil
    $100 1
an octave

Bob
    $100 17
a pew

Tom
    $100 18
Napoleon

Bob
    $200 3
the optic nerve

Tom
    $200 6
the Veg-O-Matic

Bob
    $200 10
Northern Ireland

Tom
    $200 11
diminuendo

Bob
    $200 23
jot

Bob
    $200 19
Canada

Phil
    $300 5
(Tom: What are ventricles?)

the atria

TomPhil
    $300 28
jerky

Tom
    $300 15
bulls

Phil
    $300 12
the bass

Phil
    $300 24
(Phil: [No response])
(Tom: What is set?)

fro

TomPhil
Triple Stumper
    $300 20
the tongue (or the tail)

Bob
    $400 7
(Bob: What is heat?)
(Tom: What is freezing? Cold?)
(Alex: Neither one of you is being specific enough, unfortunately.)
(Tom: What is [*]?)
(Alex: Oh, hang on. I'm about to say "What is [*]?" Bob was on the right track when he said to reduce heat, sometimes induce hypothermia, which is this, to reduce metabolic activity. So we're not even going to consider it. We'll go on. You two have lost.)

low body temperature

TomBob
Triple Stumper
    $400 29
In the shell

Tom
    $800 16
(Phil: What is March?)

January or February

Phil
    $400 13
timpani (kettledrum)

Bob
    $400 25
cud

Bob
    $400 21
Yves Saint Laurent

Tom
    $500 8
salmonella

Bob
    $500 30
(Alex: Have you got one?)
(Phil: No.)
(Alex: Would you like one?)
(Phil: Yes, bring it down.)

Mr. Microphone

Phil
    $500 27
Thailand

Bob
    $500 14
a chord

Tom
    $500 26
an orb

Tom
    $500 22
Carefree

Bob

Scores at the first commercial break (after clue 16):

Tom Phil Bob
$200 $200 $1,000

Scores at the end of the Jeopardy! Round:

Tom Phil Bob
$1,600 $600 $3,000

Double Jeopardy! Round responses

EUROPEAN GEOGRAPHY
THE STATUE OF LIBERTY
FAMOUS LAWYERS
WOMEN
U.S. HISTORY
LITERARY MOVEMENTS
    $200 3
(Tom: What is Copenhagen?)

Amsterdam

TomBob
    $200 1
Paris

Tom
    $200 2
Jefferson Davis

Bob
    $200 16
Golda Meir

Tom
    $200 11
Kissinger

Tom
    $200 20
the Beats

Tom
    $400 4
Yugoslavia

Tom
    $400 21
Lafayette

Tom
    $400 5
McCarthy

Tom
    $400 18
(Phil: Who is Clara Barton?)

Florence Nightingale

PhilBob
    $400 12
Delaware

Tom
    $400 24
Romanticism

Tom
    $600 8
Portugal

Bob
    $600 22
Enlightening the World

Triple Stumper
    $600 6
Nader

Tom
    $600 19
(Tom: Who is Shirley Chisholm?)

Bella Abzug

TomPhil
    $600 13
Barney Clark

Triple Stumper
    $600 27
the absurd

Phil
    $800 9
the Black Sea

Tom
    $600 23
Emma Lazarus

Tom
    $800 7
(Nelson) Mandela

Bob
    $800 29
Clare Boothe Luce

Tom
    $800 14
"Stonewall" Jackson

Phil
    $800 28
Angry

Tom
    $1000 17
(Tom: What is Bremen?)
[ERRATUM: Bremen is also known as a Free Hanseatic City.]

Hamburg

TomBob
    $1000 25
Bartholdi

Triple Stumper
    $1000 10
(Tom: Who is Eliot?)

Richard Henry Dana

Tom
Triple Stumper
    $1,400 26
Donna Shalala

Tom
    $1000 15
(Tom: Who is Roosevelt?)

Taft

Tom
Triple Stumper
    $1000 30
Sturm und Drang

Triple Stumper

Scores at the end of the Double Jeopardy! Round:

Tom Phil Bob
$5,600 $2,200 $6,200

[wagering suggestions for these scores]

Final Jeopardy! Round responses

DIRECTORS & THEIR FILMS
PhilWhat is ?
$0
TomWhat is Bird?
$5,590
BobWhat is Bird?
$5,100
(1 of) Bird or Breezy

Final scores:

Tom Phil Bob
$11,190 $2,200 $11,300
2nd place: Trip to Quail Lodge Resort, Carmel, California + Panasonic camcorder 3rd place: Towle flatware set + Wheel of Fortune & Jeopardy! games for the Super Nintendo & Sega Genesis New champion: $11,300

Game dynamics:

Coryat scores:

Tom Phil Bob
$5,400 $3,000 $6,200
23 R
(including 2 DDs),
8 W
9 R,
3 W
(including 1 DD)
18 R,
2 W

Combined Coryat: $14,600

[game clues] [game scores] [suggest correction]

Game tape date: 1993-11-02
The J! Archive is created by fans, for fans. Scraping, republication, monetization, and malicious use prohibited; this site may use cookies and collect identifying information. See terms. The Jeopardy! game show and all elements thereof, including but not limited to copyright and trademark thereto, are the property of Jeopardy Productions, Inc. and are protected under law. This website is not affiliated with, sponsored by, or operated by Jeopardy Productions, Inc. Join the discussion at JBoard.tv.